| 000 | 00791nam a22001937a 4500 | ||
|---|---|---|---|
| 999 |
_c57829 _d57829 |
||
| 005 | 20210118132817.0 | ||
| 008 | 210118c2020 ge ||||| |||| 00| 0 geo d | ||
| 022 | _a19877323 | ||
| 041 | _ageo | ||
| 245 |
_aენა და კულტურა : _bსამეცნიერო რეფერირებადი ჟურნალი. 2020 / _cმანანა მიქაძე მთ. რედ. |
||
| 260 |
_aქუთაისი, _c2020. |
||
| 300 | _av. | ||
| 653 | _aპედაგოგიკა | ||
| 653 | _aფილოლოგია | ||
| 653 | _aენა და კულტურა | ||
| 653 | _aპერიოდიკა | ||
| 700 |
_aმიქაძე, მანანა _eმთავარი რედაქტორი _910056 |
||
| 942 |
_2udc _cCR |
||